| 000 | 00607nam a2200193Ia 4500 | ||
|---|---|---|---|
| 003 | GCL | ||
| 005 | 20240530105253.0 | ||
| 008 | 140319s9999 xx 000 0 ara d | ||
| 040 |
_aGCL / _cGCL |
||
| 082 | 0 | 4 |
_a810.9 _bا م |
| 100 | 1 | _aاحسان عباس | |
| 245 | 1 | 0 |
_aملامح يونانية فى الادب العربى / _cاحسان عباس |
| 260 |
_a[S.N] : _bالمؤسسة العربية للدراسات والنشر |
||
| 650 | 0 | 4 | _aالشعر العربى |
| 650 | 0 | 4 | _aالادب العربى |
| 650 | 0 | 4 | _aتوفيق الحكيم |
| 650 | 0 | 4 | _aتاريخ ونقد |
| 942 |
_2ddc _cBK |
||
| 999 |
_c54492 _d54492 |
||